Random Knowledge Quiz #32 - Statistics

General Stats
  • This quiz has been taken 243 times
  • The average score is 8 of 15
Answer Stats
Question Answer % Correct
What is the most common blood type? O+
99%
What is the average age for menopause? 51
75%
Where was deep dish pizza invented? Chicago
72%
What is the sub-region in Northern Europe that refers to Norway, Sweden, and Denmark called? Scandinavia
67%
Where does Lilo & Stitch (mostly) take place? Hawaii
66%
How long did Queen Elizabeth II reign? 70 years, 214 days
65%
When did the Soviet Union collapse? December 26, 1991
61%
Which seasonal drink created by Starbucks in 2003 has become a cultural phenomenon, marking the unofficial start of fall to many? Pumpkin Spice Latte
58%
What's the name of the island in front of New York through which 12 million immigrants came to USA between 1892 and 1954? Ellis Island
57%
Whose ex-wives are called Katie, Nicole, and Mimi? Tom Cruise
54%
Finish these lyrics: Hold your breath / Make a wish / Count to three / Come with me and you'll be / In a world of... Pure imagination
40%
As of September 2023, who holds the record for the most liked post on Instagram? Lionel Messi
31%
And where was the picture taken? 2022 FIFA World Cup
28%
What is the last name of Meg, Jo, Beth, and Amy? March
19%
Where will you find the largest Christmas Market in the world? Vienna
17%
No matching quizzes found
Score Distribution
Percent of People with Each Score
Percentile by Number Answered
Your Score History
You have not taken this quiz